MARC details
| 000 -LEADER |
| fixed length control field |
02382cam a22004934a 4500 |
| 001 - CONTROL NUMBER |
| control field |
muse73635 |
| 003 - CONTROL NUMBER IDENTIFIER |
| control field |
MdBmJHUP |
| 005 - DATE AND TIME OF LATEST TRANSACTION |
| control field |
20210127151311.0 |
| 006 - FIXED-LENGTH DATA ELEMENTS--ADDITIONAL MATERIAL CHARACTERISTICS |
| fixed length control field |
m o d |
| 007 - PHYSICAL DESCRIPTION FIXED FIELD--GENERAL INFORMATION |
| fixed length control field |
cr||||||||nn|n |
| 008 - FIXED-LENGTH DATA ELEMENTS--GENERAL INFORMATION |
| fixed length control field |
150818s2016 ncu o 00 0 eng d |
| 010 ## - LIBRARY OF CONGRESS CONTROL NUMBER |
| Canceled/invalid LC control number |
2015031549 |
| 020 ## - INTERNATIONAL STANDARD BOOK NUMBER |
| International Standard Book Number |
9780822374503 |
| 020 ## - INTERNATIONAL STANDARD BOOK NUMBER |
| Canceled/invalid ISBN |
9780822360810 (hardcover : alk. paper) |
| 020 ## - INTERNATIONAL STANDARD BOOK NUMBER |
| Canceled/invalid ISBN |
9780822360957 (pbk. : alk. paper) |
| 035 ## - SYSTEM CONTROL NUMBER |
| System control number |
(OCoLC)1111387091 |
| 040 ## - CATALOGING SOURCE |
| Original cataloging agency |
MdBmJHUP |
| Transcribing agency |
MdBmJHUP |
| 043 ## - GEOGRAPHIC AREA CODE |
| Geographic area code |
cl----- |
| -- |
s------ |
| -- |
n-us--- |
| 050 04 - LIBRARY OF CONGRESS CALL NUMBER |
| Classification number |
F1409.95.U6 |
| Item number |
S25 2016 |
| 082 0# - DEWEY DECIMAL CLASSIFICATION NUMBER |
| Classification number |
327.730809/04 |
| Edition number |
23 |
| 100 1# - MAIN ENTRY--PERSONAL NAME |
| Personal name |
Salvatore, Ricardo Donato, |
| Relator term |
author. |
| 245 10 - TITLE STATEMENT |
| Title |
Disciplinary Conquest |
| Statement of responsibility, etc. |
Ricardo D. Salvatore. |
| 264 #1 - PRODUCTION, PUBLICATION, DISTRIBUTION, MANUFACTURE, AND COPYRIGHT NOTICE |
| Name of producer, publisher, distributor, manufacturer |
Duke University Press, |
| 264 #3 - PRODUCTION, PUBLICATION, DISTRIBUTION, MANUFACTURE, AND COPYRIGHT NOTICE |
| Name of producer, publisher, distributor, manufacturer |
Project MUSE, |
| 300 ## - PHYSICAL DESCRIPTION |
| Extent |
1 online resource (xii, 329 pages) |
| 490 0# - SERIES STATEMENT |
| Series statement |
American encounters/global interactions |
| 504 ## - BIBLIOGRAPHY, ETC. NOTE |
| Bibliography, etc. note |
Includes bibliographical references (pages 291-312) and index. |
| 505 0# - FORMATTED CONTENTS NOTE |
| Formatted contents note |
South America as a field of inquiry -- Five traveling scholars -- Research designs of transnational scope -- Yale at Machu Picchu : Hiram Bingham, Peruvian indigenistas, and cultural property -- Hispanic American history at Harvard : Clarence H. Haring and regional history for imperial visibility -- Intellectual cooperation : Leo S. Rowe, democratic government, and the politics of scholarly brotherhood -- Geographic conquest : Isaiah Bowman's view of South America -- Worldly sociology : Edward A. Ross and the societies "South of Panama" -- U.S. scholars and the question of empire. |
| 506 0# - RESTRICTIONS ON ACCESS NOTE |
| Terms governing access |
Open Access |
| Standardized terminology for access restriction |
Unrestricted online access |
| Source of term |
star |
| 588 ## - SOURCE OF DESCRIPTION NOTE |
| Source of description note |
Description based on print version record. |
| 651 #0 - SUBJECT ADDED ENTRY--GEOGRAPHIC NAME |
| Geographic name |
South America |
| General subdivision |
Foreign relations |
| Geographic subdivision |
United States. |
| 651 #0 - SUBJECT ADDED ENTRY--GEOGRAPHIC NAME |
| Geographic name |
United States |
| General subdivision |
Foreign relations |
| Geographic subdivision |
South America. |
| 651 #0 - SUBJECT ADDED ENTRY--GEOGRAPHIC NAME |
| Geographic name |
Latin America |
| General subdivision |
Civilization |
| -- |
Study and teaching (Higher) |
| Geographic subdivision |
United States. |
| 650 #0 - SUBJECT ADDED ENTRY--TOPICAL TERM |
| Topical term or geographic name entry element |
Imperialism. |
| 655 #7 - INDEX TERM--GENRE/FORM |
| Genre/form data or focus term |
Electronic books. |
| Source of term |
local |
| 710 2# - ADDED ENTRY--CORPORATE NAME |
| Corporate name or jurisdiction name as entry element |
Project Muse. |
| Relator term |
distributor |
| 830 #0 - SERIES ADDED ENTRY--UNIFORM TITLE |
| Uniform title |
American encounters/global interactions. |
| 830 #0 - SERIES ADDED ENTRY--UNIFORM TITLE |
| Uniform title |
Book collections on Project MUSE. |
| 856 40 - ELECTRONIC LOCATION AND ACCESS |
| Public note |
Full text available: |
| Uniform Resource Identifier |
<a href="https://muse.jhu.edu/book/64125/">https://muse.jhu.edu/book/64125/</a> |